| 000 | 00882nam a2200193 a 4500 | ||
|---|---|---|---|
| 001 | 001122581 | ||
| 003 | AM-YeHGA | ||
| 005 | 20250617151931.0 | ||
| 008 | 151223s1976 ||| r 000 0 rus d | ||
| 040 | _aAM-YeHGA | ||
| 041 | 0 | _arus | |
| 100 | 1 | _aКрупняков, Аркадий Степанович | |
| 245 | 1 | 0 |
_aГусляры : _bИсторическое троекнижие о том, как Русь ордынское иго сбросила. / _cАркадий Крупняков. |
| 260 |
_aЙошкар-Ола : _bМарийское кн. изд-во, _c1976-. |
||
| 300 | _aкн. | ||
| 505 | 1 | 0 |
_gКн. 1 (1976, 320 с., ил.) _tМосква-матушка _gКн. 2 (1977, 272 с., ил.) _tМосква-матушка _gКн. 3 (1978, 430 с., ил.) _tМарш Акпарса |
| 653 | _aРусская совeтская литература | ||
| 090 | _c362584 | ||
| 999 |
_c360743 _d360743 |
||